[Event "SVK-chT3B2 2223"]
[Site "Slovakia"]
[Date "2022.11.06"]
[Round "2.8"]
[White "Kodad, Jakub"]
[Black "Kucera, Peter"]
[Result "0-1"]
[WhiteElo "1000"]
[BlackElo "1341"]
[PlyCount "40"]
[EventDate "2022.10.23"]
[EventType "team-tourn"]
[EventRounds "11"]
[EventCountry "SVK"]
[SourceTitle "EXT 2024"]
[Source "ChessBase"]
[SourceDate "2023.10.10"]
[SourceVersion "1"]
[SourceVersionDate "2023.10.10"]
[SourceQuality "1"]
[WhiteTeam "Puchov Vcielka"]
[BlackTeam "Belusa II"]
[WhiteTeamCountry "SVK"]
[BlackTeamCountry "SVK"]

1. e4 e5 2. Bc4 Nc6 3. Nf3 h6 4. 0-0 Nf6 5. Nc3 d6 6. h3 Be7 7. d3 0-0 8. Nd5 Nxd5 9. Bxd5 Be6 10. Bb3 Qd7 11. c4 f5 12. Ba4 Rf6 13. b3 fxe4 14. dxe4 Bxh3 15. Re1 Qg4 16. Kf1 Bxg2+ 17. Ke2 Bxf3+ 18. Kd2 Bxd1 19. Rxd1 Rxf2+ 20. Ke1 Qe2# 0-1